[Event "Wloclawek CC Classic 03rd"]
[Site "Wloclawek"]
[Date "2012.??.??"]
[Round "6"]
[White "Golebiewski, Eugeniusz"]
[Black "Matusiak, Wieslaw"]
[Result "1-0"]
[WhiteElo "1600"]
[BlackElo "1000"]
[PlyCount "47"]
[EventDate "2012.02.??"]
[EventType "swiss"]
[EventRounds "7"]
[EventCountry "POL"]
[SourceTitle "EXT 2021"]
[Source "ChessBase"]
[SourceDate "2020.10.23"]
[SourceVersion "1"]
[SourceVersionDate "2020.10.23"]
[SourceQuality "1"]

1. d4 Nf6 2. c4 e6 3. Nc3 g6 4. e4 d5 5. Bg5 Be7 6. e5 Nfd7 7. Bf4 c5 8. cxd5 cxd4 9. Qxd4 Bc5 10. Qd2 Qb6 11. Bc4 0-0 12. Nf3 Bb4 13. 0-0 Bxc3 14. bxc3 Qc5 15. Bb3 Nb6 16. d6 N8d7 17. Rfe1 Nc4 18. Bxc4 Qxc4 19. Bg3 b6 20. Qh6 f6 21. exf6 Nxf6 22. Be5 Bd7 23. Bxf6 Rxf6 24. Ng5 1-0

[Event "Wloclawek CC Classic 04th"]
[Site "Wloclawek"]
[Date "2012.??.??"]
[Round "2"]
[White "Oborski, Zbigniew"]
[Black "Golebiewski, Eugeniusz"]
[Result "1-0"]
[WhiteElo "1200"]
[BlackElo "1600"]
[PlyCount "73"]
[EventDate "2012.04.??"]
[EventType "swiss"]
[EventRounds "7"]
[EventCountry "POL"]
[SourceTitle "EXT 2021"]
[Source "ChessBase"]
[SourceDate "2020.10.23"]
[SourceVersion "1"]
[SourceVersionDate "2020.10.23"]
[SourceQuality "1"]

1. Nc3 e5 2. e4 Nf6 3. Nf3 Nc6 4. Bb5 Bc5 5. 0-0 a6 6. Bxc6 bxc6 7. Nxe5 d6 8. Nxc6 Qd7 9. Na5 0-0 10. d3 Re8 11. Qf3 Rb8 12. Bg5 Ng4 13. Nd1 Re5 14. Bf4 Bxf2+ 15. Nxf2 Nxf2 16. Rxf2 Rxa5 17. b3 Bb7 18. Bd2 Rb5 19. a4 Re5 20. Bc3 Re6 21. Raf1 Rf8 22. Qg3 Rg6 23. Qf3 f5 24. Qh3 Rh6 25. Qg3 Rg6 26. Qe3 Rf7 27. Qa7 Qc6 28. Rxf5 Rxf5 29. Rxf5 Re6 30. Qd4 Rg6 31. Qa7 Bc8 32. Qb8 Qd7 33. Ba5 c6 34. Bb4 h6 35. h3 d5 36. Rf8+ Kh7 37. Qxc8 1-0